00573cam a2200157 i 4500008004100000020002500041100002000066245018000086264003700266300001900303650004100322650002500363003000100388005001700389040000900406  a9781523788972 (pbk.) aCorrea, Joseph.14aThe Track and the Field Coach's Nutrition Manual to RMR :blearn how to prepare your students for high perfomance track and field thrugh proper eating habits /cJoseph Correa. 1aGreat Britain :bAmazon ,c2016. ano pagination.12aNutritional Physiological Phenomena. 0aAthletesxNutrition.20230123141135.0 cNUST